000
00315nam a2200133Ia 4500
005
20251222144924.0
008
251222s9999||||xx |||||||||||||| ||spa||
020
_a
84-493-0528-4
082
_a
330.122/B34
100
_a
Beck, Ulrich
245
0
_a
¿Qué es la Globalización?:
264
_b
Paidós
942
_c
LIB
999
_c
22816
_d
22816